000 00955nam a2200265 i 4500
001 47826
003 ES-MaACL
005 20231122134137.0
007 t|
008 030527s2001 sp ||||0| spa j
020 _a84-7658-605-1
040 _aM-BN
_bspa
_cM-BN
080 _a728.82(460.357 G.)
245 0 0 _aPensar la Alhambra /
_cJosé Antonio González Alcantud, Antonio Malpica Cuello (eds.).
250 _a1ª ed.
260 _aRubí (Barcelona) :
_bAnthropos ;
_a[Granada] :
_bCentro de Investigaciones Etnológicas "Angel Ganivet",
_c2001.
300 _a318 p., [1] h. de lám. col. :
_bil ;
_c24 cm.
504 _aBibliografía.
610 2 _aAlhambra (Granada)
_9145495
700 1 _aGonzález Alcantud, José Antonio.
_958402
700 1 _aMalpica Cuello, Antonio.
_975858
710 2 _aCentro de Investigaciones Etnológicas "Ángel Ganivet" (Granada)
_92706
852 _aES-MaACL
_jL-26411
_bR.131192
999 _c47826
_d47826